000 01198nam a2200133Ia 4500
008 220620s9999||||xx |||||||||||||| ||und||
020 _a9783040000000
245 0 _aMonitoring Land Subsidence Using Remote Sensing
546 _aEnglish[eng]
650 _aland subsidence||IPTA||land-use||water resource utilization||groundwater change||deformation||geology||Gävle||InSAR||PSI||precise levelling||sentinel-1||subsidence||Sweden||ALOS/PALSAR||time series analysis||SBAS||hot spring water||hydrothermal fluids||Hakone Volcano||satellite geodesy||radar interferometry||persistent scatterers||distributed scatterers||orbit combination||Sentinel-1||cavern field||salt deposit||geophysical modeling||underground gas storage||GNSS||ground movement||subsidence monitoring||integrated numerical simulation||Dubrovnik||satellite altimetry||tide gauges||vertical land motion||DInSAR||mining-induced tremors||land surface deformation||Upper Silesian Coal Basin||Interferometry||SNAP-StaMPS||Ground deformation||Po River Delta||integrated monitoring||time-series analysis||n/a
700 _aFabris, Massimo||Cenni, Nicola||Fiaschi, Simone
856 _uhttps://mdpi.com/books/pdfview/book/3868
942 _cEB
999 _c34353
_d34353